Normal view
MARC view
Entry Personal Name
001 - CONTROL NUMBER
- control field: 26544
003 - CONTROL NUMBER IDENTIFIER
- control field: ARRUPE
005 - DATE AND TIME OF LATEST TRANSACTION
- control field: 20161007102813.0
008 - FIXED-LENGTH DATA ELEMENTS
- fixed length control field: 161007|| aca||aabn | a|a d
040 ## - CATALOGING SOURCE
- Original cataloging agency: ARRUPE
- Transcribing agency: ARRUPE
100 ## - HEADING--PERSONAL NAME
- Personal name: Dickens, Charles,
- Dates associated with a name: 1812-1870.
670 ## - SOURCE DATA FOUND
- Source citation: Work cat.: (ARRUPE)0: Dickens, Charles, 1812-1870., David Copperfield :